Famous actors Quiz Stats

Quiz not verified by Sporcle

Challenge
Share
Tweet
Embed
Score 0/15 Timer 09:00
0 Plays Today
movie actor % Correct
titanic; revolutionary road; the departedleonardo dicaprio
92.1%
ocean's eleven; up in the airgeorge clooney
84.3%
elf; anchormanwill ferrell
80%
the breakup; marley and mejennifer aniston
79.3%
milk; dead man walkingsean penn
75.7%
notting hill; erin brockovichjulia roberts
72.9%
it's complicated; the devil wears pradameryl streep
71.4%
bride wars; becoming janeanne hathaway
68.6%
movie actor % Correct
13 going on 30; junojennifer garner
66.4%
the departed; invictusmatt damon
66.4%
meet the parents;evrybody's finerobert de niro
56.4%
raising helen; how to lose a guy in 10 dayskate hudson
56.4%
julie and julia; enchantedamy adams
50%
sweet home alabama; made of honorpatrick dempsey
40%
the family stone; sherlock homesrachel mcadams
29.3%

You're not logged in!

Compare scores with friends on all Sporcle quizzes.
Join for Free
OR
Log In

You Might Also Like...

Show Comments

Extras

Created Jan 28, 2010ReportNominate
Tags:Actor Quiz, Famous Quiz

Top Quizzes Today


Score Distribution

Your Account Isn't Verified!

In order to create a playlist on Sporcle, you need to verify the email address you used during registration. Go to your Sporcle Settings to finish the process.

Report this User

Report this user for behavior that violates our Community Guidelines.

Details: